music trivia: 1964 songs and artists - Statistics

General Stats
  • This quiz has been taken 250 times
    235 since last reset
  • The average score is 9 of 15
Answer Stats
This 1964 song was done... ...by this group or artist % Correct
Oh, Pretty Woman Roy Orbison
94%
House of the Rising Sun The Animals
90%
You Really Got Me The Kinks
83%
Baby Love The Supremes
76%
You've Lost That Lovin' Feeling The Righteous Brothers
75%
I Feel Fine The Beatles
58%
Hello, Dolly! Louis Armstrong
56%
Rag Doll The Four Seasons
54%
Walk On By Dionne Warwick
51%
Under the Boardwalk The Drifters
44%
Do Wah Diddy Diddy Manfred Mann
43%
Dead Man's Curve Jan and Dean
38%
Leader of the Pack The Shangri-Las
38%
No Particular Place to Go Chuck Berry
36%
The Way You Do the Things You Do The Temptations
31%
No matching quizzes found
Score Distribution
Percent of People with Each Score
Percentile by Number Answered
Your Score History
You have not taken this quiz since the last reset